| 000 | 00753nam a22002057a 4500 | ||
|---|---|---|---|
| 999 |
_c16139 _d16139 |
||
| 003 | AR-CdUCM | ||
| 008 | 190502b ||||| |||| 00| 0 spa d | ||
| 040 |
_aMUNICIPALIDAD PROVINCIAL DEL CUSCO _cBIBLIOTECA MUNICIPAL DEL CUSCO |
||
| 082 |
_a891.4 / _bK79 |
||
| 100 |
_aKravchenko, Victor _935425 |
||
| 245 |
_aEscogí la libertad : _bla vida personal y política de un alto funcionario soviético / |
||
| 260 |
_aMéxico : _bLibertad, _c1942. |
||
| 300 |
_a594 páginas ; _c20 cm. |
||
| 505 | _aContenido: Huida en la noche -- Infancia Rusa -- Gloria y hambre -- Juventud en rojo -- Ruptura con el pasado... | ||
| 650 |
_aNovela _95 |
||
| 650 |
_aLiteratura rusa _99988 |
||
| 650 |
_aMoscú _94830 |
||
| 942 |
_2ddc _cLIBROS |
||
| 945 |
_adavv _d02/05/2019 |
||